ბათუმის შოთა რუსთაველის სახელმწიფო უნივერსიტეტის ბიბლიოთეკა

Эргодическая теория и информация (ბიბ.ჩანაწერი № 38851)

000 -LEADER
fixed length control field 00613nam a2200205Ia 4500
001 - CONTROL NUMBER
control field 5261
003 - CONTROL NUMBER IDENTIFIER
control field GE_BSU
008 - FIXED-LENGTH DATA ELEMENTS--GENERAL INFORMATION
fixed length control field 181216s||||||||xx |||||||||||||| ||und||
040 ## - CATALOGING SOURCE
Transcribing agency GE_BSU
080 ## - UNIVERSAL DECIMAL CLASSIFICATION NUMBER
Universal Decimal Classification number 519.21
100 ## - MAIN ENTRY--PERSONAL NAME
Personal name Биллингслей,П.
245 ## - TITLE STATEMENT
Title Эргодическая теория и информация
245 ## - TITLE STATEMENT
Statement of responsibility, etc. Пер.с англ.Н.Л. Светловой. Под ред. Б.М Гуревича
260 ## - PUBLICATION, DISTRIBUTION, ETC.
Place of publication, distribution, etc. Москва
260 ## - PUBLICATION, DISTRIBUTION, ETC.
Name of publisher, distributor, etc. Мир
260 ## - PUBLICATION, DISTRIBUTION, ETC.
Date of publication, distribution, etc. 1959;
300 ## - PHYSICAL DESCRIPTION
Extent 236с.22см.
653 ## - INDEX TERM--UNCONTROLLED
Uncontrolled term Эргодическая теория и информация
942 ## - ADDED ENTRY ELEMENTS (KOHA)
Koha item type წიგნი
ეგზემპლარები
Withdrawn status Lost status Damaged status Not for loan Date acquired Barcode Date last seen Price effective from Koha item type
        2018-12-17 16270 2018-12-17 2018-12-17 წიგნი